Maliar bojových scén /

Salvato in:
Dettagli Bibliografici
Autore principale: PÉREZ-REVERTE, Arturo (Autore)
Altri autori: ŠIŠMIŠOVÁ, Paulína (Traduttore)
Natura: Libro
Lingua:slovacco
Pubblicazione: Bratislava SLOVART 2008
Tags: Aggiungi Tag
Nessun Tag, puoi essere il primo ad aggiungerne!!

MARC

LEADER 00000nam a22000003a 4500
001 0102820
003 SK-STU
005 20230621123123.1
007 ta
008 230621s ----xo-----e------000-0-----d
020 |a 978-80-8085-415-7 
040 |a STU  |b slo 
041 0 |a slo 
044 |a xo 
100 1 |a PÉREZ-REVERTE, Arturo  |4 aut 
245 1 0 |a Maliar bojových scén /  |c aut. Arturo PÉREZ-REVERTE ; prekl. Paulína ŠIŠMIŠOVÁ 
260 |a Bratislava  |b SLOVART  |c 2008 
300 |a 239 s. 
700 1 |a ŠIŠMIŠOVÁ, Paulína  |4 trl 
996 |c I* 4SOA13945  |l I  |s A  |a 24  |w 0102820_0001